[Event "WJCC 2001"]
[Site "?"]
[Date "2001.??.??"]
[Round "3"]
[White "Reizniece, D."]
[Black "Kasturi, M."]
[Result "1/2-1/2"]
[WhiteElo "2312"]
[BlackElo "2115"]
[Annotator "G 3.12"]
[PlyCount "104"]
[EventDate "2001.??.??"]

1. c4 e5 2. Nc3 d6 3. g3 g6 4. Bg2 Bg7 5. d3 Nf6 6. Nf3 O-O 7. O-O Nc6 8. Rb1
a5 9. a3 h6 10. b4 axb4 11. axb4 Kh7 12. b5 Ne7 13. Bb2 Nd7 14. Nd2 Nc5 15. Nb3
Ne6 16. Nd5 Nxd5 17. cxd5 Nd4 18. Nxd4 exd4 19. Qc2 Bg4 20. h3 Bd7 21. Rfc1 Rc8
22. Qc4 Qe8 23. Bf1 Bxb5 24. Qb4 c5 25. dxc6 Bxc6 26. Bxd4 Bxd4 27. Qxd4 Qe5
28. Rb4 Qe6 29. Rb6 Qe5 30. Qxe5 dxe5 31. Rcb1 Rc7 32. Bg2 Rfc8 33. Bxc6 bxc6
34. Rc1 c5 35. Rc4 Kg7 36. Kg2 Kf8 37. Kf3 Rc6 38. Rxc6 Rxc6 39. Ke4 f6 40. Kd5
Ra6 41. Rxc5 Ra2 42. Rc7 Rxe2 43. Ke6 Rxf2 44. Rf7+ Kg8 45. Rxf6 Rd2 46. Rxg6+
Kh7 47. Rg4 Rxd3 48. Kxe5 h5 49. Rg5 h4 50. gxh4 Rxh3 51. Rg4 Kh6 52. Kf4 Rh1
1/2-1/2

[Event "WJCC 2001"]
[Site "?"]
[Date "2001.??.??"]
[Round "3"]
[White "Gorlin, Y."]
[Black "Calotescu, C."]
[Result "0-1"]
[WhiteElo "2106"]
[BlackElo "2283"]
[Annotator "G 3.13"]
[PlyCount "64"]
[EventDate "2001.??.??"]

1. e4 c5 2. Nf3 d6 3. d4 Nf6 4. Nc3 cxd4 5. Nxd4 a6 6. Bc4 e6 7. Bb3 b5 8. O-O
Be7 9. Qf3 Qc7 10. Qg3 O-O 11. Bh6 Ne8 12. Rad1 Bd7 13. Nf3 Nc6 14. Rd2 Bf6 15.
Bg5 b4 16. Nd1 Ne5 17. Nxe5 dxe5 18. Be3 a5 19. c3 Nd6 20. f3 a4 21. Bc2 Nc4
22. Rdf2 bxc3 23. bxc3 Bb5 24. Bg5 Bxg5 25. Qxg5 Rad8 26. Qc1 Qc5 27. Re1 Rd2
28. Ne3 Rxf2 29. Kxf2 f5 30. exf5 exf5 31. Rd1 f4 32. Rd5 fxe3+ 0-1

[Event "WJCC 2001"]
[Site "?"]
[Date "2001.??.??"]
[Round "3"]
[White "Kisonova, K."]
[Black "Aarthie, R."]
[Result "0-1"]
[WhiteElo "2092"]
[BlackElo "2249"]
[Annotator "G 3.14"]
[PlyCount "164"]
[EventDate "2001.??.??"]

1. e4 c5 2. f4 d5 3. exd5 Qxd5 4. Nc3 Qd8 5. Bb5+ Bd7 6. Bxd7+ Qxd7 7. d3 Nf6
8. Nf3 Nc6 9. O-O e6 10. Kh1 Nd4 11. Ne4 Be7 12. Ne5 Qc7 13. c3 Nc6 14. Nxc6
Qxc6 15. Qf3 Rc8 16. f5 Nxe4 17. dxe4 exf5 18. Qxf5 O-O 19. Be3 Qg6 20. Rae1
Rfd8 21. Rd1 b6 22. Kg1 Bf6 23. Qf3 Re8 24. e5 Rxe5 25. Bf4 Re7 26. Bd6 Rd7 27.
Bf4 Re7 28. Bd6 Rd7 29. Bf4 Rxd1 30. Rxd1 h6 31. Re1 Rd8 32. Bc1 Bg5 33. Bxg5
Qxg5 34. Re2 Qd5 35. Re8+ Kh7 36. Rxd8 Qxd8 37. Qxf7 Qd1+ 38. Qf1 Qc2 39. h3
Qe4 40. Qf2 Qb1+ 41. Kh2 Qxa2 42. Qf5+ Kh8 43. Qf8+ Qg8 44. Qe7 Qb8+ 45. Kh1 a6
46. Qe6 Qb7 47. h4 b5 48. h5 Qa8 49. Qf5 c4 50. Qe6 Qd8 51. Qe2 Qd7 52. Qf3 Qe8
53. Kg1 Qe1+ 54. Kh2 Qe5+ 55. Kg1 a5 56. g4 b4 57. cxb4 axb4 58. Qf8+ Kh7 59.
Qxb4 Qg3+ 60. Kf1 Qxg4 61. Qb5 Qd4 62. Qe8 Qf6+ 63. Ke1 Qf5 64. Kd2 Qd3+ 65.
Kc1 c3 66. bxc3 Qxc3+ 67. Kd1 Qf6 68. Ke2 Qf5 69. Ke1 Qd5 70. Qg6+ Kh8 71. Qe8+
Qg8 72. Qe4 Qd8 73. Qg6 Qe7+ 74. Kd1 Kg8 75. Qg4 Kf8 76. Qf3+ Ke8 77. Kc2 Qe5
78. Qg4 Ke7 79. Kd2 Qg5+ 80. Qxg5+ hxg5 81. Ke3 Kf6 82. Ke4 Ke6 0-1

[Event "WJCC 2001"]
[Site "?"]
[Date "2001.??.??"]
[Round "3"]
[White "Subramanian, Suj"]
[Black "Venkatesh, M."]
[Result "0-1"]
[WhiteElo "2000"]
[BlackElo "2356"]
[Annotator "B 3.32"]
[PlyCount "50"]
[EventDate "2001.??.??"]

1. e4 c5 2. Nf3 Nc6 3. d4 cxd4 4. Nxd4 Nf6 5. Nc3 d6 6. Bc4 e6 7. Be3 Be7 8.
Qe2 a6 9. Bb3 Qc7 10. O-O-O O-O 11. Rhg1 b5 12. g4 Na5 13. g5 Nxb3+ 14. axb3
Nd7 15. Nf5 exf5 16. Nd5 Qd8 17. exf5 Re8 18. Qf3 Rb8 19. f6 Bf8 20. g6 hxg6
21. Rxg6 Ne5 22. fxg7 fxg6 23. Nf6+ Kxg7 24. Nxe8+ Qxe8 25. Qf4 Bf5 0-1

[Event "WJCC 2001"]
[Site "?"]
[Date "2001.??.??"]
[Round "3"]
[White "Delai, P."]
[Black "Papadopoulou, V."]
[Result "1/2-1/2"]
[WhiteElo "2024"]
[BlackElo "2193"]
[Annotator "G 3.22"]
[PlyCount "56"]
[EventDate "2001.??.??"]

1. d4 Nf6 2. Nf3 g6 3. Nbd2 Bg7 4. e4 d6 5. Bc4 O-O 6. Qe2 Nc6 7. c3 e5 8. dxe5
dxe5 9. b4 Nh5 10. O-O Nf4 11. Qd1 Qf6 12. g3 Nh3+ 13. Kg2 Bg4 14. Qc2 Bh6 15.
Be2 Rad8 16. Nc4 Bxc1 17. Raxc1 Bxf3+ 18. Bxf3 Ng5 19. Be2 Qe6 20. Ne3 h5 21.
h4 Qh3+ 22. Kg1 Nh7 23. Rfd1 Nf6 24. Bf1 Qe6 25. Bc4 Qh3 26. Bf1 Qe6 27. Bc4
Qh3 28. Bf1 Qe6 1/2-1/2

[Event "WJCC 2001"]
[Site "?"]
[Date "2001.??.??"]
[Round "4"]
[White "Kapnisis, S."]
[Black "Vajda, L."]
[Result "1-0"]
[WhiteElo "2373"]
[BlackElo "2507"]
[Annotator "B 4.10"]
[PlyCount "121"]
[EventDate "2001.??.??"]

1. e4 d6 2. d4 Nf6 3. Nc3 g6 4. Nf3 Bg7 5. Be3 O-O 6. Qd2 c6 7. Bh6 b5 8. Bd3
Nbd7 9. Bxg7 Kxg7 10. a4 b4 11. Ne2 Qa5 12. Ng3 h6 13. h4 e5 14. h5 Rh8 15. Nh4
Nf8 16. Bc4 Bg4 17. hxg6 fxg6 18. Bb3 Re8 19. f3 Bc8 20. f4 Bg4 21. dxe5 dxe5
22. O-O N8d7 23. f5 Qc5+ 24. Kh1 g5 25. Ng6 Rh7 26. Rad1 Bxd1 27. Rxd1 Nf8 28.
Qd7+ N8xd7 29. Rxd7+ Re7 30. Rxe7+ Qxe7 31. Nxe7 h5 32. Nxc6 h4 33. Nf1 Nxe4
34. Nxb4 g4 35. Nd3 Kf6 36. Ne3 g3 37. Bd5 Ng5 38. Nc5 h3 39. gxh3 Nxh3 40.
Ne4+ Ke7 41. f6+ Kf8 42. Nxg3 Nf4+ 43. Kg1 Rh6 44. Ne4 Rh3 45. Kf2 Rh2+ 46. Kf3
Rh3+ 47. Ng3 Nh5 48. Nef1 Nxf6 49. Be6 Rh4 50. b3 Rf4+ 51. Ke2 Ke7 52. Bh3 Kd6
53. Nd2 Kc5 54. c3 a5 55. Bg2 Ng4 56. Nge4+ Kb6 57. Nc4+ Ka6 58. b4 axb4 59.
cxb4 Ka7 60. b5 Nf6 61. b6+ 1-0

[Event "WJCC 2001"]
[Site "?"]
[Date "2001.??.??"]
[Round "4"]
[White "Gomez, J."]
[Black "Mastrovasilis, D."]
[Result "1-0"]
[WhiteElo "2000"]
[BlackElo "2435"]
[Annotator "B 4.18"]
[PlyCount "185"]
[EventDate "2001.??.??"]

1. e4 c5 2. Nf3 e6 3. d4 cxd4 4. Nxd4 Nc6 5. Nb5 d6 6. c4 Nf6 7. N1c3 a6 8. Na3
Be7 9. Be2 b6 10. O-O Bb7 11. Be3 Ne5 12. f3 O-O 13. Qd2 Qc7 14. Rac1 Ned7 15.
Rfd1 Rac8 16. Bf1 Rfe8 17. Qf2 Kh8 18. Bd4 Rg8 19. b4 Ba8 20. Na4 Rb8 21. Nc2
Rgc8 22. Ne3 Qb7 23. Ba1 Rc7 24. Nb2 Rbc8 25. Nd3 Kg8 26. a3 a5 27. Rb1 Qa7 28.
Bd4 axb4 29. axb4 Qb8 30. Qg3 Nh5 31. Qh3 g6 32. e5 dxe5 33. Nxe5 Bg5 34. N3g4
f5 35. Nf2 Ndf6 36. g4 Ng7 37. Qg3 f4 38. Qg2 Rd8 39. Nh3 Bh4 40. Qb2 Rf8 41.
g5 Nfh5 42. Be2 Nf5 43. Ng4 Nxd4 44. Qxd4 h6 45. Qd6 Kh7 46. Qxe6 Qe8 47. Qxe8
Rxe8 48. Ra1 Rce7 49. Rd2 hxg5 50. Kf1 Bb7 51. Ra7 Kg7 52. Ng1 Bc8 53. Rxe7+
Rxe7 54. Rd6 Re6 55. Rd8 Rc6 56. Ne5 Rc7 57. Rd6 Nf6 58. Rxb6 Ra7 59. Rd6 g4
60. fxg4 Ne4 61. Rxg6+ Kh7 62. Ngf3 Be7 63. Bd3 Ra1+ 64. Ne1 Bxb4 65. Rc6 Rxe1+
66. Kg2 Kg7 67. Rxc8 Ng5 68. Rc7+ Kg8 69. Rc8+ Kg7 70. Rc7+ Kg8 71. Nd7 Rd1 72.
Nf6+ Kf8 73. Nh7+ Nxh7 74. Bxh7 Rd2+ 75. Kf3 Rxh2 76. Rc8+ Ke7 77. Be4 Bd6 78.
c5 Rh3+ 79. Kf2 Be5 80. c6 Bd4+ 81. Ke2 Re3+ 82. Kd2 Rxe4 83. Kd3 f3 84. c7 f2
85. Re8+ Kxe8 86. c8=Q+ Ke7 87. Qb7+ Kd6 88. Qa6+ Kd5 89. Qc4+ Ke5 90. Qb5+ Kf4
91. Qf5+ Kg3 92. Kxe4 Kg2 93. Kxd4 1-0

[Event "WJCC 2001"]
[Site "?"]
[Date "2001.??.??"]
[Round "4"]
[White "Neiksans, A."]
[Black "Geirnaert, S."]
[Result "1-0"]
[WhiteElo "2435"]
[BlackElo "2000"]
[Annotator "B 4.19"]
[PlyCount "49"]
[EventDate "2001.??.??"]

1. e4 e5 2. Nf3 Nc6 3. Bc4 Bc5 4. d3 Nf6 5. Nbd2 d6 6. c3 a6 7. Bb3 Ba7 8. Nf1
Ne7 9. Ng3 Ng6 10. Be3 Bg4 11. Nf5 Bxf5 12. exf5 Ne7 13. Bxa7 Rxa7 14. g4 Nxg4
15. Bxf7+ Kxf7 16. Ng5+ Kf6 17. Ne4+ Kf7 18. Qxg4 Qd7 19. Qh5+ Kg8 20. Rg1 Kf8
21. f6 Nf5 22. fxg7+ Nxg7 23. Qh6 Qe7 24. Nf6 e4 25. O-O-O 1-0

[Event "WJCC 2001"]
[Site "?"]
[Date "2001.??.??"]
[Round "4"]
[White "Alvarez, J."]
[Black "Krivousas, T."]
[Result "1/2-1/2"]
[WhiteElo "2382"]
[BlackElo "2204"]
[Annotator "B 4.24"]
[PlyCount "34"]
[EventDate "2001.??.??"]

1. d4 Nf6 2. c4 e6 3. Nc3 Bb4 4. e3 c5 5. Bd3 O-O 6. Nge2 cxd4 7. exd4 d5 8.
cxd5 Nxd5 9. O-O Nc6 10. Bc2 Re8 11. Qd3 g6 12. Rd1 Bf8 13. Qg3 Nxc3 14. bxc3
b5 15. h4 Ba6 16. Bd3 Qa5 17. Bf4 b4 1/2-1/2

[Event "WJCC 2001"]
[Site "?"]
[Date "2001.??.??"]
[Round "4"]
[White "Zimina, O."]
[Black "Xu, Y."]
[Result "0-1"]
[WhiteElo "2312"]
[BlackElo "2431"]
[Annotator "G 4.5"]
[PlyCount "68"]
[EventDate "2001.??.??"]

1. e4 c6 2. d4 d5 3. Nc3 dxe4 4. Nxe4 Bf5 5. Ng3 Bg6 6. h4 h6 7. Nf3 Nf6 8. Ne5
Bh7 9. Bd3 Nbd7 10. Bxh7 Nxe5 11. Bf5 Ned7 12. Qe2 e6 13. Bd3 Be7 14. Bd2 Qb6
15. c3 Qxb2 16. O-O Qb6 17. Rae1 O-O 18. Nf5 exf5 19. Qxe7 c5 20. Rb1 Qc6 21.
Bb5 Qc8 22. Rfe1 a6 23. Bxd7 Nxd7 24. dxc5 Nxc5 25. Be3 Ne6 26. Rxb7 Qxc3 27.
Rc1 Qd3 28. Rc6 Qe4 29. Rc1 f4 30. Rb4 Qf5 31. Bb6 f3 32. g4 Qd5 33. a4 Rfe8
34. Rd4 Nxd4 0-1

[Event "WJCC 2001"]
[Site "?"]
[Date "2001.??.??"]
[Round "4"]
[White "Korbut, E."]
[Black "Meenakshi, S."]
[Result "0-1"]
[WhiteElo "2418"]
[BlackElo "2245"]
[Annotator "G 4.6"]
[PlyCount "114"]
[EventDate "2001.??.??"]

1. e4 e5 2. Nf3 Nf6 3. Nxe5 d6 4. Nf3 Nxe4 5. d4 d5 6. Bd3 Be7 7. O-O Nc6 8. c4
Nb4 9. Be2 O-O 10. a3 Nc6 11. cxd5 Qxd5 12. Nc3 Nxc3 13. bxc3 Bf5 14. Bf4 Na5
15. Re1 c5 16. Bd3 Bxd3 17. Qxd3 Bf6 18. Be5 c4 19. Qb1 Rfe8 20. Bxf6 gxf6 21.
Nd2 Nb3 22. Nxb3 cxb3 23. Qd3 b5 24. Qg3+ Kh8 25. Qf4 Kg7 26. Re3 Rxe3 27. fxe3
a5 28. Rf1 Qg5 29. Qe4 Rc8 30. Qd3 Qd5 31. e4 Qc6 32. e5 fxe5 33. Qg3+ Qg6 34.
Qxe5+ Kg8 35. Qxb5 Rxc3 36. Qxa5 Rc2 37. Qa8+ Kg7 38. Qb7 b2 39. h4 Qe6 40. Kh2
Rc1 41. Qb5 b1=Q 42. Qxb1 Rxb1 43. Rxb1 Qd6+ 44. Kh3 Qxa3+ 45. g3 Qa4 46. Rf1
Qxd4 47. Rf4 Qd1 48. Kh2 Kg6 49. Kg2 f5 50. Kh2 Kf6 51. Kg2 Ke5 52. Rf2 Ke4 53.
Rf4+ Ke3 54. Kh2 h5 55. Kg2 Qe2+ 56. Kh1 Qg4 57. Rf1 Qh3+ 0-1

[Event "WJCC 2001"]
[Site "?"]
[Date "2001.??.??"]
[Round "4"]
[White "Khamrakulova, I."]
[Black "Jackova, J."]
[Result "1/2-1/2"]
[WhiteElo "2217"]
[BlackElo "2350"]
[Annotator "G 4.8"]
[PlyCount "113"]
[EventDate "2001.??.??"]

1. e4 e5 2. Nf3 Nc6 3. d4 exd4 4. Nxd4 Bc5 5. Nb3 Bb4+ 6. c3 Be7 7. Bd3 Nf6 8.
O-O O-O 9. f4 d6 10. Nd4 Nxd4 11. cxd4 c5 12. d5 c4 13. Bc2 b5 14. Be3 Re8 15.
Bd4 Qd7 16. h3 Bd8 17. Nd2 Rb8 18. Kh2 a5 19. Qf3 Ba6 20. Rfe1 b4 21. b3 c3 22.
Nf1 Bb7 23. Ng3 Qe7 24. Nf5 Qf8 25. g4 g6 26. Ng3 Nd7 27. g5 f6 28. gxf6 Bxf6
29. Be3 Qf7 30. Rg1 Kh8 31. Ne2 Rf8 32. Nd4 Nc5 33. Rae1 Rbe8 34. f5 Be5+ 35.
Kh1 Qf6 36. Rd1 Bc8 37. Nc6 Nd7 38. Nxa5 gxf5 39. exf5 Qf7 40. Nc6 Bf6 41. Bd4
Bxd4 42. Rxd4 Ne5 43. Nxe5 Rxe5 44. Rxb4 Rxd5 45. Qxc3+ Re5 46. Rf4 Bb7+ 47.
Kh2 Qf6 48. Rf2 Rc8 49. Qg3 Ree8 50. Rd1 Rcd8 51. Qf4 Re5 52. Qd4 Rg8 53. Bd3
Qg7 54. Qg4 Qh6 55. Qd4 Qg7 56. Qg4 Qh6 57. Qd4 1/2-1/2

[Event "WJCC 2001"]
[Site "?"]
[Date "2001.??.??"]
[Round "4"]
[White "Dzagnidze, N."]
[Black "Zigangirova, S."]
[Result "1-0"]
[WhiteElo "2321"]
[BlackElo "2150"]
[Annotator "G 4.10"]
[PlyCount "91"]
[EventDate "2001.??.??"]

1. d4 Nf6 2. Nf3 e6 3. Bg5 d5 4. e3 h6 5. Bh4 Nbd7 6. Bd3 c5 7. c3 Be7 8. Nbd2
b6 9. O-O Bb7 10. Ne5 O-O 11. Qa4 cxd4 12. Nxd7 Nxd7 13. Bxe7 Qxe7 14. exd4 a5
15. Rfe1 Ba6 16. Bxa6 Rxa6 17. Qb5 Ra7 18. Qxd5 Nf6 19. Qb5 Nd5 20. Re5 a4 21.
Rae1 Qb7 22. a3 Ra5 23. Qf1 b5 24. Ne4 Qc6 25. Nc5 Nb6 26. Nd3 Nc4 27. Rc5 Qb6
28. Qe2 Raa8 29. Ne5 Rac8 30. Nxc4 bxc4 31. Qxc4 Rxc5 32. dxc5 Qxb2 33. Qb4 Rb8
34. Qxb2 Rxb2 35. Kf1 Kf8 36. Re4 Rb3 37. Rxa4 Rxc3 38. Ra5 Rc2 39. a4 Ke8 40.
Rb5 Kd7 41. Rb7+ Ke8 42. a5 Ra2 43. Ra7 f5 44. a6 g5 45. c6 Kd8 46. Rd7+ 1-0

[Event "WJCC 2001"]
[Site "?"]
[Date "2001.??.??"]
[Round "4"]
[White "Calotescu, C."]
[Black "Plachkinova, T."]
[Result "1-0"]
[WhiteElo "2283"]
[BlackElo "2190"]
[Annotator "G 4.11"]
[PlyCount "65"]
[EventDate "2001.??.??"]

1. Nf3 Nf6 2. c4 c5 3. g3 Nc6 4. Bg2 g6 5. d4 d6 6. Nc3 Bg7 7. O-O O-O 8. dxc5
dxc5 9. Be3 Be6 10. Qa4 Nd7 11. Rfd1 Qa5 12. Ng5 Qxa4 13. Nxa4 Bf5 14. Rd2 Nde5
15. Rc1 h6 16. Nf3 Rad8 17. Nxe5 Bxe5 18. Rxd8 Rxd8 19. Bxc5 Rd2 20. e4 Bg4 21.
Be3 Rd8 22. f3 Bc8 23. Nc3 b6 24. Bf1 Nb4 25. a3 Nc6 26. Kf2 Bd4 27. Be2 a5 28.
Bxd4 Rxd4 29. Ke3 e6 30. Nd5 Kf8 31. Nxb6 Ba6 32. b4 axb4 33. axb4 1-0

[Event "WJCC 2001"]
[Site "?"]
[Date "2001.??.??"]
[Round "4"]
[White "Aarthie, R."]
[Black "Sanchez, S."]
[Result "1-0"]
[WhiteElo "2249"]
[BlackElo "2125"]
[Annotator "G 4.12"]
[PlyCount "107"]
[EventDate "2001.??.??"]

1. e4 e6 2. d4 d5 3. Nd2 Nf6 4. e5 Nfd7 5. c3 c5 6. Bd3 Nc6 7. Ngf3 cxd4 8.
cxd4 Qb6 9. O-O Nxd4 10. Nxd4 Qxd4 11. Nf3 Qb6 12. Qa4 Qb4 13. Qc2 h6 14. Bd2
Qb6 15. Rac1 Be7 16. Be3 Qd8 17. Qa4 O-O 18. Qg4 f5 19. Qg6 Kh8 20. Bxh6 gxh6
21. Qxh6+ Kg8 22. Qxe6+ Rf7 23. Qxd5 Nf8 24. Qb3 Be6 25. Bc4 Qb6 26. Nd4 Qxd4
27. Bxe6 Nxe6 28. Qxe6 Qb6 29. Qc4 Rd8 30. Rc3 f4 31. Rb3 Qc6 32. Qxc6 bxc6 33.
Rc3 Rd2 34. f3 Bh4 35. Rc4 Rxb2 36. g3 Bg5 37. Rf2 Rb5 38. e6 Re7 39. Re2 fxg3
40. hxg3 Bf6 41. Rxc6 Rg7 42. g4 Re5 43. Rxe5 Bxe5 44. Kg2 Bf4 45. Rc4 Bc7 46.
f4 Bb6 47. Kf3 Kf8 48. f5 Ke7 49. Rc3 Kf6 50. Rc8 Ke5 51. Rf8 Bc5 52. f6 Rxg4
53. Kxg4 Bxf8 54. e7 1-0

[Event "WJCC 2001"]
[Site "?"]
[Date "2001.??.??"]
[Round "4"]
[White "Makka, I."]
[Black "Reizniece, D."]
[Result "0-1"]
[WhiteElo "2123"]
[BlackElo "2312"]
[Annotator "G 4.13"]
[PlyCount "52"]
[EventDate "2001.??.??"]

1. e4 c5 2. Nf3 e6 3. b3 Nc6 4. Bb2 d5 5. exd5 exd5 6. Bb5 Nf6 7. Qe2+ Be7 8.
Bxc6+ bxc6 9. Bxf6 gxf6 10. O-O O-O 11. Re1 Bd6 12. d3 Kh8 13. Nbd2 Rg8 14. Kh1
Bg4 15. Qf1 Qf8 16. g3 Qh6 17. Qg2 Bh3 18. Qg1 f5 19. Re2 f4 20. Qe1 Be6 21.
Nh4 Rg4 22. Ndf3 Rag8 23. Ne5 Rxh4 24. gxh4 Qg7 25. Nxf7+ Bxf7 26. f3 Bh5 0-1

[Event "WJCC 2001"]
[Site "?"]
[Date "2001.??.??"]
[Round "4"]
[White "Kasturi, M."]
[Black "Ubiennykh, E."]
[Result "1/2-1/2"]
[WhiteElo "2115"]
[BlackElo "2288"]
[Annotator "G 4.14"]
[PlyCount "189"]
[EventDate "2001.??.??"]

1. e4 e5 2. Nf3 Nc6 3. Bb5 a6 4. Ba4 Nf6 5. d3 b5 6. Bb3 Be7 7. c3 O-O 8. Nbd2
Re8 9. O-O Bf8 10. Re1 d5 11. Qe2 d4 12. Nf1 h6 13. Ng3 Na5 14. Bc2 c5 15. Bd2
Ra7 16. h3 Bd7 17. Nh4 Bc6 18. Nhf5 Kh7 19. cxd4 cxd4 20. Qf3 b4 21. a3 b3 22.
Bxa5 Qxa5 23. Bxb3 Rb8 24. Bc4 Rxb2 25. Re2 Rb8 26. Nh4 Kh8 27. Ngf5 Qd8 28.
Ng3 Ng8 29. Qh5 Qf6 30. Nf3 Bd6 31. Qf5 Qe7 32. Nf1 Nf6 33. Nh4 g6 34. Qf3 Nh5
35. Nf5 Qf8 36. Nxd6 Qxd6 37. g3 a5 38. Ree1 Kg7 39. Nh2 Rb2 40. Re2 Rb6 41.
Ree1 Rab7 42. Kg2 f5 43. Qd1 fxe4 44. dxe4 Nf6 45. Qf3 h5 46. Qd3 a4 47. Nf3
Rb3 48. Bxb3 Rxb3 49. Qc2 Rc3 50. Qb1 Rb3 51. Qc2 d3 52. Qc4 Bb5 53. Qc1 Ba6
54. Ra2 Rb5 55. Ng5 Rb3 56. Kh2 Nd7 57. Re3 Kg8 58. Qd1 Qf6 59. h4 Nc5 60. Rf3
Qd6 61. Qd2 Rb7 62. Qc3 Rd7 63. Rd2 Nb3 64. Rd1 Rc7 65. Qe1 Qxa3 66. Ne6 Rf7
67. Rfxd3 Bxd3 68. Rxd3 Rf6 69. Rd8+ Kf7 70. Ng5+ Ke7 71. Rd5 Nc1 72. Rxe5+ Kd7
73. Qd2+ Nd3 74. Rd5+ Rd6 75. Nf3 Rxd5 76. exd5 Kd6 77. Qg5 Qb3 78. Qxg6+ Kxd5
79. Qxh5+ Kd6 80. Qg6+ Kc5 81. Qf5+ Qd5 82. Qf8+ Kc4 83. Nd2+ Kc3 84. Qa3+ Kxd2
85. Qxa4 Nxf2 86. Qf4+ Ke2 87. Qc1 Ng4+ 88. Kh3 Nf2+ 89. Kh2 Nd3 90. Qh1 Qe5
91. Qg2+ Nf2 92. Kg1 Qa1+ 93. Kh2 Qe5 94. Kg1 Qa1+ 95. Kh2 1/2-1/2

[Event "WJCC 2001"]
[Site "?"]
[Date "2001.??.??"]
[Round "4"]
[White "Topel, Z."]
[Black "Kaps, D."]
[Result "0-1"]
[WhiteElo "2000"]
[BlackElo "2221"]
[Annotator "G 4.15"]
[PlyCount "58"]
[EventDate "2001.??.??"]

1. e4 c5 2. Nc3 Nc6 3. f4 g6 4. Nf3 Bg7 5. Bc4 e6 6. O-O Nge7 7. d3 O-O 8. f5
d5 9. Bb3 dxe4 10. f6 Bxf6 11. Nxe4 Bg7 12. c3 b6 13. Bg5 Ba6 14. Bc2 f6 15.
Bh4 Nf5 16. Bf2 Qd7 17. Qe2 Rad8 18. Rad1 Kh8 19. Nh4 Ne5 20. g4 Nxh4 21. Bxh4
g5 22. Bg3 Ng6 23. Qe3 e5 24. Qf3 Nf4 25. Bxf4 exf4 26. Qh3 h6 27. Rfe1 f5 28.
Nxg5 fxg4 29. Qh5 Qf5 0-1

[Event "WJCC 2001"]
[Site "?"]
[Date "2001.??.??"]
[Round "4"]
[White "Kopinits, A."]
[Black "Gorlin, Y."]
[Result "1-0"]
[WhiteElo "2000"]
[BlackElo "2106"]
[Annotator "G 4.25"]
[PlyCount "39"]
[EventDate "2001.??.??"]

1. e4 e6 2. d4 d5 3. Nc3 Bb4 4. e5 c5 5. a3 Bxc3+ 6. bxc3 Qc7 7. Qg4 f5 8. Qg3
cxd4 9. cxd4 Ne7 10. Bd2 O-O 11. Bd3 Bd7 12. Nf3 Ba4 13. c3 Nec6 14. Ng5 Qe7
15. O-O Rc8 16. Qh3 h6 17. Nxe6 Nd7 18. Bxf5 Nb6 19. Nxg7 Qxg7 20. Bxh6 1-0

[Event "WJCC 2001"]
[Site "?"]
[Date "2001.??.??"]
[Round "4"]
[White "Dritsoula, E."]
[Black "Li, C."]
[Result "1-0"]
[WhiteElo "2000"]
[BlackElo "2000"]
[Annotator "G 4.29"]
[PlyCount "61"]
[EventDate "2001.??.??"]

1. e4 Nf6 2. Nc3 d5 3. exd5 Nxd5 4. Nxd5 Qxd5 5. Qf3 Qe5+ 6. Qe3 Nc6 7. Nf3 Qf6
8. Bc4 Bg4 9. Bd5 Nb4 10. Qb3 Nxd5 11. Qxd5 Bxf3 12. Qxf3 Qxf3 13. gxf3 O-O-O
14. d3 g6 15. Bf4 e5 16. Bg5 Rd6 17. O-O-O h5 18. f4 exf4 19. Bxf4 Rf6 20. Be5
Bh6+ 21. Kb1 Rxf2 22. Bxh8 f5 23. Rdf1 Be3 24. Rxf2 Bxf2 25. Rf1 Bh4 26. Rf4
Bg5 27. Rf1 Bh6 28. Bf6 Kd7 29. Rg1 Be3 30. Rxg6 f4 31. Bg5 1-0

[Event "WJCC 2001"]
[Site "?"]
[Date "2001.??.??"]
[Round "5"]
[White "Korobov, A."]
[Black "Gomez, J."]
[Result "1-0"]
[WhiteElo "2470"]
[BlackElo "2000"]
[Annotator "B 5.9"]
[PlyCount "97"]
[EventDate "2001.??.??"]

1. d4 Nf6 2. c4 e6 3. Nf3 b6 4. g3 Bb7 5. Bg2 Be7 6. O-O O-O 7. Nc3 Ne4 8. Bd2
f5 9. Rc1 Bf6 10. d5 Na6 11. a3 exd5 12. cxd5 c5 13. Qa4 Nc7 14. Rfd1 Qe8 15.
d6 Ne6 16. Be1 Kh8 17. e3 Bc6 18. Qc2 Qh5 19. Nd5 Rae8 20. Bc3 Nxc3 21. bxc3 f4
22. e4 Ng5 23. Nxg5 Bxg5 24. Rb1 f3 25. Bf1 Qg6 26. c4 Re6 27. Re1 Rxd6 28. Qc3
Re6 29. e5 Qh6 30. Rbd1 Bd8 31. Rd3 Qh5 32. Ree3 Kg8 33. h3 Qg5 34. Kh2 Rfe8
35. h4 Rh6 36. Bh3 Qh5 37. Nf4 Qf7 38. e6 dxe6 39. Bxe6 Rhxe6 40. Nxe6 Bf6 41.
Qe1 h6 42. Rd6 Bb7 43. a4 g5 44. hxg5 hxg5 45. Kg1 Qh5 46. Nxc5 Rxe3 47. Qxe3
Qg6 48. Qe6+ Kg7 49. Rd7+ 1-0

[Event "WJCC 2001"]
[Site "?"]
[Date "2001.??.??"]
[Round "5"]
[White "Berkvens, J."]
[Black "Zambrana, O."]
[Result "1/2-1/2"]
[WhiteElo "2444"]
[BlackElo "2301"]
[Annotator "B 5.20"]
[PlyCount "97"]
[EventDate "2001.??.??"]

1. d4 Nf6 2. c4 e6 3. Nc3 Bb4 4. e3 b6 5. Nge2 Bb7 6. a3 Be7 7. d5 O-O 8. g3 b5
9. b3 b4 10. axb4 Bxb4 11. Bg2 exd5 12. cxd5 Na6 13. O-O Nc5 14. Bb2 a5 15. Na2
Ba6 16. Nxb4 axb4 17. Bf3 d6 18. Bd4 Nfd7 19. Qc2 Qg5 20. Rfe1 Qg6 21. Qxg6
hxg6 22. Bxc5 Nxc5 23. Nd4 Bb7 24. h4 Rxa1 25. Rxa1 Ra8 26. Rxa8+ Bxa8 27. Kf1
Bb7 28. Ke2 Kf8 29. g4 Ke7 30. g5 Kd7 31. e4 c6 32. dxc6+ Bxc6 33. Ke3 Bb7 34.
Bg2 f5 35. h5 gxh5 36. Nxf5 Nxb3 37. Nxg7 Nc5 38. Bh3+ Ke7 39. Nf5+ Kf8 40.
Nxd6 b3 41. Nc4 Nxe4 42. f4 Nc3 43. Nb2 Bc6 44. Kd4 Na4 45. Nc4 Be8 46. f5 Bd7
47. Ke5 b2 48. Na3 Nc3 49. g6 1/2-1/2

[Event "WJCC 2001"]
[Site "?"]
[Date "2001.??.??"]
[Round "5"]
[White "Hryhorenko, N."]
[Black "Dzagnidze, N."]
[Result "0-1"]
[WhiteElo "2236"]
[BlackElo "2321"]
[Annotator "G 5.7"]
[PlyCount "104"]
[EventDate "2001.??.??"]

1. d4 Nf6 2. Nf3 g6 3. Bf4 Bg7 4. e3 O-O 5. h3 d6 6. Be2 Nbd7 7. O-O b6 8. c3
Bb7 9. a4 a6 10. Nbd2 c5 11. Bh2 Nd5 12. Re1 Nc7 13. e4 cxd4 14. Nxd4 e5 15.
Nc2 Nc5 16. Bf1 f5 17. exf5 gxf5 18. Nc4 Ne8 19. Qh5 Be4 20. b4 Bxc2 21. bxc5
bxc5 22. Ra2 Be4 23. Rd2 Qc7 24. a5 Rd8 25. Nb6 Bb7 26. Red1 Kh8 27. f3 Qf7 28.
Qh4 Bf6 29. Qh6 Qg7 30. Qe3 f4 31. Qd3 d5 32. c4 e4 33. Qc2 Bd4+ 34. Kh1 exf3
35. cxd5 Rxd5 36. Nxd5 Bxd5 37. Bg1 fxg2+ 38. Rxg2 Bxg2+ 39. Qxg2 Qxg2+ 40.
Bxg2 Bxg1 41. Kxg1 Nc7 42. Rd6 f3 43. Bf1 f2+ 44. Kg2 Rf5 45. Bd3 Rf7 46. Bc4
Rf8 47. Kf1 Nb5 48. Rxa6 Na3 49. Be2 c4 50. Rc6 Nb1 51. Bxc4 Nd2+ 52. Kg2 Nxc4
0-1

[Event "WJCC 2001"]
[Site "?"]
[Date "2001.??.??"]
[Round "5"]
[White "Jackova, J."]
[Black "Aarthie, R."]
[Result "1/2-1/2"]
[WhiteElo "2350"]
[BlackElo "2249"]
[Annotator "G 5.8"]
[PlyCount "69"]
[EventDate "2001.??.??"]

1. e4 c5 2. Nf3 Nc6 3. d4 cxd4 4. Nxd4 Nf6 5. Nc3 d6 6. Bc4 e6 7. Be3 Be7 8.
Qe2 a6 9. Rg1 Qc7 10. Bb3 Na5 11. g4 Nxb3 12. axb3 Rb8 13. g5 Nd7 14. O-O-O b5
15. Nf5 exf5 16. exf5 Bb7 17. Bd4 Ne5 18. f4 Nf3 19. f6 Nxg1 20. Rxg1 O-O 21.
fxe7 Rfe8 22. Re1 b4 23. f5 bxc3 24. g6 cxb2+ 25. Bxb2 hxg6 26. fxg6 Rxe7 27.
Qxe7 Qxe7 28. Rxe7 f6 29. h4 Bf3 30. Rd7 d5 31. Rd6 Rc8 32. Bd4 Bh5 33. Rxd5
Bxg6 34. c3 Bf7 35. Rd6 1/2-1/2

[Event "WJCC 2001"]
[Site "?"]
[Date "2001.??.??"]
[Round "5"]
[White "Reizniece, D."]
[Black "Zimina, O."]
[Result "1-0"]
[WhiteElo "2312"]
[BlackElo "2312"]
[Annotator "G 5.9"]
[PlyCount "95"]
[EventDate "2001.??.??"]

1. e4 c6 2. c4 d5 3. cxd5 cxd5 4. e5 Nc6 5. d4 Bf5 6. Bd3 Bxd3 7. Qxd3 Qb6 8.
Nf3 e6 9. O-O Qa6 10. Qd1 Nge7 11. Nc3 Nf5 12. Ne2 h5 13. h4 Rc8 14. Bg5 Be7
15. Bxe7 Kxe7 16. Qd2 Qa5 17. b4 Qxb4 18. Qxb4+ Nxb4 19. Rab1 Na6 20. Rxb7+ Rc7
21. Rxc7+ Nxc7 22. Rb1 Kd7 23. Nc3 Rc8 24. Rb7 a6 25. Na4 g6 26. Kf1 Kc6 27.
Rb6+ Kd7 28. Nc5+ Ke8 29. a4 Ra8 30. Ke2 Kd8 31. Kd3 Kc8 32. Ng5 Rb8 33. Rxb8+
Kxb8 34. Nxf7 Nxh4 35. g3 Nf5 36. Nd8 Ng7 37. Nc6+ Ka8 38. Ke3 g5 39. Kf3 Nce8
40. g4 h4 41. Kg2 Nc7 42. Kh3 a5 43. f4 Nce8 44. fxg5 Nc7 45. Kxh4 Nce8 46. g6
Nc7 47. Kg5 Nce8 48. Kh6 1-0